000
00216nam a22000857a 4500
008
170121b xxu||||| |||| 00| 0 eng d
100
_9
2524
_a
Riddens
245
_a
For Those who Teach
260
_a
Australia
_b
ACER PRESS
_c
2016
999
_c
5608
_d
5608